| 000 | 00729nam a2200229Ia 4500 | ||
|---|---|---|---|
| 003 | GCL | ||
| 008 | 140319s9999 xx 000 0 ara d | ||
| 040 |
_aGCL / _cGCL |
||
| 082 | 0 | 4 |
_aط _b028.7 _bس س |
| 100 | 1 | _aسوفنير بوك هاوس | |
| 245 | 1 | 0 |
_aسين وجيم : موسوعة الف سؤال وجواب / _cسوفنير بوك هاوس |
| 490 |
_aسلسلة موسوعة عالم المعرفة والمعلومات _v0 |
||
| 650 | 0 | 4 | _aالتاريخ |
| 650 | 0 | 4 | _aالجغرافيا |
| 650 | 0 | 4 | _aالتثقيف الذاتى |
| 650 | 0 | 4 | _aالثقافة الذاتية |
| 650 | 0 | 4 | _aالمعرفة |
| 650 | 0 | 4 | _aالارض |
| 650 | 0 | 4 | _aالابداع |
| 650 | 0 | 4 | _aالانسانية |
| 942 |
_2ddc _cBK |
||
| 999 |
_c47833 _d47833 |
||